Análisis de los principales factores que incidieron en la fragmentación urbana en el cantón de San Rafael de la provincia de Heredia entre 1990 y 2019
Guardado en:
| Autor principal: | |
|---|---|
| Otros Autores: | |
| Formato: | Libro |
| Lenguaje: | Spanish |
| Publicado: |
San José, Costa Rica
2022.
|
| Materias: |
SAN RAFAEL (HEREDIA, COSTA RICA) - CONDICIONES ECONOMICAS
> SAN RAFAEL (HEREDIA, COSTA RICA) - DIVISION TERRITORIAL
> ORDENAMIENTO TERRITORIAL - SAN RAFAEL (HEREDIA, COSTA RICA)
> ZONAS URBANAS - SAN RAFAEL (HEREDIA, COSTA RICA)
> VEGETACION - SAN RAFAEL (HEREDIA, COSTA RICA)
> SAN RAFAEL (HEREDIA, COSTA RICA) - CONDICIONES SOCIALES
> DETECCION A DISTANCIA - SAN RAFAEL (HEREDIA, COSTA RICA)
> URBANISMO - SAN RAFAEL (HEREDIA, COSTA RICA)
|
| Etiquetas: |
Agregar Etiqueta
Sin Etiquetas, Sea el primero en etiquetar este registro!
|
MARC
| LEADER | 00000nam a2200000Ia 4500 | ||
|---|---|---|---|
| 003 | 013547 | ||
| 005 | 20230412142344.0 | ||
| 008 | 140114s2022 cr a 000 ||spa d | ||
| 040 | |c cru CEDI | ||
| 100 | |a Flores Lezcano, Andrés Agustín, 1995- |9 368 | ||
| 245 | |a Análisis de los principales factores que incidieron en la fragmentación urbana en el cantón de San Rafael de la provincia de Heredia entre 1990 y 2019 | ||
| 260 | |a San José, Costa Rica |c 2022. | ||
| 500 | |a Proyecto de graduación (licenciatura en ingeniería topográfica)--Universidad de Costa Rica. Facultad de Ingeniería. Escuela de Ingeniería Topográfica, | ||
| 501 | |a Director de Proyecto de Graduación: Ing. Saulo Richmond Solera, Lic. | ||
| 650 | |x SAN RAFAEL (HEREDIA, COSTA RICA) - CONDICIONES ECONOMICAS |x SAN RAFAEL (HEREDIA, COSTA RICA) - DIVISION TERRITORIAL |x ORDENAMIENTO TERRITORIAL - SAN RAFAEL (HEREDIA, COSTA RICA) |x ZONAS URBANAS - SAN RAFAEL (HEREDIA, COSTA RICA) |x VEGETACION - SAN RAFAEL (HEREDIA, COSTA RICA) |x SAN RAFAEL (HEREDIA, COSTA RICA) - CONDICIONES SOCIALES |x DETECCION A DISTANCIA - SAN RAFAEL (HEREDIA, COSTA RICA) |x URBANISMO - SAN RAFAEL (HEREDIA, COSTA RICA) | ||
| 700 | |9 369 |a Richmond Solera, Saulo, 1989- |d Director del TFG | ||
| 942 | |c CEDI |h TFG 8698 |6 TFG_8698_000000000000000 | ||
| 999 | |c 22050 |d 22050 | ||
